Studia pneumologica et phthiseologica časopis Slovenskej pneumologickej a ftizeologickej spoločnosti a České pneumolologické a ftizeologické společnosti

Bibliographic Details
Previous Title:Studia pneumologica et phthiseologica cechoslovaca
Other Authors: Redhammer, Rafael, 1934- (Publishing director)
Format: Journal
Language:Czech
Slovak
PhysicalDescription:zv. 24-30 cm
Published: Martin Osveta 1993-
Praha Trios
ISSN:1213-810X
0371-2222
Subjects:

MARC

LEADER 00000cas a2200000 a 4500
001 vtls008880355
003 SK-MaSNL
005 20260228162259.0
008 240124c19939999xo br|p 0 1 b0cze c
022 |a 1213-810X  |y 0371-2222 
035 |a (SVKBB03)vtls000032420 
040 |a SVKBB  |b slo  |c SVKBB  |d SAVUK  |d SNK  |e AACR2 
041 0 |a cze  |a slo  |b eng 
044 |a xo  |c SK 
072 7 |a 616  |x Patológia. Klinická medicína  |2 konspekt 
080 |a 616.24  |2 2001 
080 |a 050  |2 2001 
080 |a 616-002.5  |2 2001 
210 0 |a Stud. pneumol. phthiseol. 
222 0 |a Studia pneumologica et phthiseologica 
245 0 0 |a Studia pneumologica et phthiseologica  |b časopis Slovenskej pneumologickej a ftizeologickej spoločnosti a České pneumolologické a ftizeologické společnosti 
246 3 3 |a Studia pneumologica et phthiseologica 
260 |a Martin  |b Osveta  |c 1993- 
260 3 |3 2002-  |a Praha  |b Trios 
300 |a zv.  |c 24-30 cm 
310 |a 6x ročne 
362 0 |a Roč. 53, č. 1 (1993)- 
500 |a Reg.č.: MK SR 347/91 
500 |a Od č. 1/1996 rozmer zv. 30 cm 
500 |a Od r. 2002 vychádza už len v Čechách 
500 |a Ved. red.: 1993-2001, Rafael Redhammer 
546 |a Text aj v slov. ; res. v angl. 
550 |a Vydáva Slovenská lekárska spoločnosť vo vyd. Osveta, Martin 
550 |a Vydáva Slovenská pneumologická a ftizeologická spoločnosť vo vyd. Osveta 
650 0 7 |a choroby pľúc  |2 SNKPH  |9 1247 
650 0 7 |a pneumológia  |2 SNKPH  |9 913 
650 0 7 |a ftizeológia  |2 SNKPH  |9 19202 
655 7 |a odborné časopisy  |2 SNKPH  |9 70505 
700 1 |a Redhammer, Rafael,  |d 1934-  |4 pbd  |9 221065 
710 2 |a Slovenská pneumologická a ftizeologická spoločnosť (Bratislava, Slovensko)  |4 pbl  |9 270709 
710 2 |a Slovenská lekárska spoločnosť  |4 pbl  |9 31272 
780 0 0 |t Studia pneumologica et phthiseologica cechoslovaca  |x 0371-2222  |w vtls008881820 
910 |a snk 
916 |a 1994-2001 
999 |c 7409  |d 9339 
952 |0 0  |1 0  |4 0  |7 0  |a SNK  |b SNK  |d 2014-10-27  |f 1  |i snkČSP 3878/99  |l 0  |o snkČSC 3233/56/1996  |p 17A1046979  |r 2026-02-21 19:45:20  |t č. 1-6  |w 2026-02-21  |y PREZ 
952 |0 0  |1 0  |4 0  |7 0  |a SNK  |b SNK  |d 2014-10-27  |f 1  |i snkČSP 1609/2002  |l 0  |o snkČSC 3233/60/2000  |p 17A1046980  |r 2026-02-21 19:45:20  |t č. 1-6  |w 2026-02-21  |y PREZ 
952 |0 0  |1 0  |4 0  |7 0  |8 0  |a SNK  |b SNK  |d 2007-01-09  |f 1  |i snk2007/567  |l 0  |o snkČSC 3233/61/2001  |p 17A0524670  |r 2026-02-21 20:14:17  |t č. 1-6  |w 2026-02-21  |y PREZ  |z Obsah v č. 6 
952 |0 0  |1 0  |4 0  |7 3  |8 0  |a SNK  |b SNK  |d 2007-01-09  |i snk2007/568  |l 0  |o snkČSC 3233/61/2001 D1  |p 17A0524671  |r 2026-02-21 20:14:17  |t č. 1-6, úplný  |w 2026-02-21  |y PREZ  |z č. 1-6 
952 |0 0  |1 0  |4 0  |7 0  |a SNK  |b SNK  |d 2002-10-18  |l 0  |o snkČSC 3233/60/2000 D1  |p 17A0360556  |r 2005-01-02 00:00:00  |w 2026-02-21  |y PREZ 
952 |0 0  |1 0  |4 0  |7 0  |a SNK  |b SNK  |d 2002-12-12  |l 0  |o snkČSC 3233/58/1998 D1  |p 17A0369475  |r 2005-01-02 00:00:00  |w 2026-02-21  |y PREZ 
952 |0 0  |1 0  |4 0  |7 0  |a SNK  |b SNK  |d 1997-09-04  |l 0  |o snkČSC 3233/54/1994 D1  |p 17A0091152  |r 2005-01-02 00:00:00  |t č. 1-6  |w 2026-02-21  |y PREZ 
952 |0 0  |1 0  |4 0  |7 0  |a SNK  |b SNK  |d 1997-09-08  |f 1  |i snkČSP 313/97  |l 0  |o snkČSC 3233/54/1994  |p 17A0091514  |r 2005-01-02 00:00:00  |t č. 1-6  |w 2026-02-21  |y PREZ 
952 |0 0  |1 0  |4 0  |7 0  |a SNK  |b SNK  |d 2003-10-30  |f 1  |i snkČSP 1611/2002  |l 0  |o snkČSC 3233/57/1997  |p 17A0402301  |r 2005-01-02 00:00:00  |t č. 1-6  |w 2026-02-21  |y PREZ  |z č. 1-10 
952 |0 0  |1 0  |4 0  |7 0  |a SNK  |b SNK  |d 2003-10-30  |i snkČSP 1612/2002  |l 0  |o snkČSC 3233/57/1997 D1  |p 17A0397883  |r 2005-01-02 00:00:00  |w 2026-02-21  |y PREZ  |z č. 1-6 
952 |0 0  |1 0  |4 0  |7 0  |a SNK  |b SNK  |d 1997-09-24  |l 0  |o snkČSC 3233/55/1995 D1  |p 17A0097954  |r 2005-01-02 00:00:00  |w 2026-02-21  |y PREZ 
952 |0 0  |1 0  |4 0  |7 0  |a SNK  |b SNK  |d 1999-08-25  |f 1  |i snkČSP 311/97  |l 0  |o snkČSC 3233/55/1995  |p 17A0207919  |r 2005-01-02 00:00:00  |t č. 1-6  |w 2026-02-21  |y PREZ 
952 |0 0  |1 1  |4 0  |7 0  |a SNK  |b SNK  |d 1997-10-22  |l 0  |o snkČB 699/53/1993  |p 17A0104190  |r 2005-01-02 00:00:00  |w 2026-02-21  |y PREZ 
952 |0 0  |1 0  |4 0  |7 0  |a SNK  |b SNK  |d 2000-09-13  |l 0  |o snkČSC 3233/56/1996 D1  |p 17A0250648  |r 2005-01-02 00:00:00  |w 2026-02-21  |y PREZ 
952 |0 0  |1 0  |4 0  |7 0  |a SNK  |b SNK  |d 2004-11-15  |f 1  |i snkČSP 1607/2002  |l 0  |o snkČSC 3233/59/1999  |p 17A0447609  |r 2005-01-02 00:00:00  |t č. 1-6  |w 2026-02-21  |y PREZ 
952 |0 0  |1 0  |4 0  |7 0  |a SNK  |b SNK  |d 2004-11-15  |f 1  |i snkČSP 1613/2002  |l 0  |o snkČSC 3233/58/1998  |p 17A0447751  |r 2005-01-02 00:00:00  |t č. 1-6  |w 2026-02-21  |y PREZ 
952 |0 0  |1 0  |4 0  |7 0  |a SNK  |b SNK  |d 2002-12-12  |l 0  |o snkČSC 3233/59/1999 D1  |p 17A0369476  |r 2005-01-02 00:00:00  |w 2026-02-21  |y PREZ